| 000 | 00619nam a2200193 a 4500 | ||
|---|---|---|---|
| 001 | 000024379 | ||
| 005 | 20200930022947.0 | ||
| 008 | 110126s1977 ve r 000 p spa d | ||
| 040 |
_aDO-SdBNP _bspa _cBNPHU |
||
| 082 |
_aV861.44 _bB951e |
||
| 100 | 1 |
_aBurdman Schwartz, Vladimir, _949994 |
|
| 245 | 1 | 0 |
_aEn busca de si mismo / _cVladimir Burdman Schwartz. |
| 260 |
_aCaracas : _b[s.n], _c1977. |
||
| 300 |
_a105 p. ; _c22 cm. |
||
| 504 | _aIncluye referencias bibliográficas y notas al pie de las páginas. | ||
| 650 | 4 |
_aPoesía venezolana _94230 |
|
| 650 | 4 |
_aLiteratura venezolana _ySIGLO XX _99777 |
|
| 049 | _aBNGR | ||
| 999 |
_c23872 _d23872 |
||